00623 2200217 4500001002100000005001500021035002000036007000300056008004100059082001000100084001600110100001300126245008800139250001200227260004000239300003800279600002600317020001800343990002200361990002200383INLIS00000000000372920260528092312 a0010-0721000084ta260528 0  a610.7 a610.7 NUR m0 aNursalam1 aManajemen Keperawatan :bAplikasi dalam Praktik Keperawatan profesional /cNursalam a--ed. 1 a--Jakarta :bSalemba Medika,c2002. axiv, 314 hlm. :billus. ;c26 cm. 4aManajemen Keperawatan a979-3027-09-4 a2299/H/ARPUS/2007 a2298/H/ARPUS/2007